Yıllık iş istatistikleri 2010 = (Record no. 200419162)
[ view plain ]
| 000 -LEADER | |
|---|---|
| fixed length control field | 01003 a2200313 4500 |
| 001 - CONTROL NUMBER | |
| control field | 200419162 |
| 003 - CONTROL NUMBER IDENTIFIER | |
| control field | TR-AnTOB |
| 005 - DATE AND TIME OF LATEST TRANSACTION | |
| control field | 20230518145906.0 |
| 008 - FIXED-LENGTH DATA ELEMENTS--GENERAL INFORMATION | |
| fixed length control field | 140319s tu 000 0 |
| 020 ## - INTERNATIONAL STANDARD BOOK NUMBER | |
| International Standard Book Number | 9789751958839 |
| 040 ## - CATALOGING SOURCE | |
| Original cataloging agency | TR-AnTOB |
| Language of cataloging | tur |
| Description conventions | rda |
| 041 ## - LANGUAGE CODE | |
| Language code of text/sound track or separate title | Türkçe |
| 050 00 - LIBRARY OF CONGRESS CALL NUMBER | |
| Classification number | HD2891.93.A1 |
| Item number | Y55 2010 |
| 090 ## - LOCALLY ASSIGNED LC-TYPE CALL NUMBER (OCLC); LOCAL CALL NUMBER (RLIN) | |
| Classification number (OCLC) (R) ; Classification number, CALL (RLIN) (NR) | HD2891.93 .A1 Y55 2010 |
| 110 1# - MAIN ENTRY--CORPORATE NAME | |
| Corporate name or jurisdiction name as entry element | Denizli Ticaret Odası |
| 9 (RLIN) | 67358 |
| 245 10 - TITLE STATEMENT | |
| Title | Yıllık iş istatistikleri 2010 = |
| Remainder of title | Annual business statistics 2010 / |
| Statement of responsibility, etc. | TUİK. |
| 246 ## - VARYING FORM OF TITLE | |
| Title proper/short title | Annual business statistics 2010 |
| 264 ## - PRODUCTION, PUBLICATION, DISTRIBUTION, MANUFACTURE, AND COPYRIGHT NOTICE | |
| Place of production, publication, distribution, manufacture | Ankara: |
| Name of producer, publisher, distributor, manufacturer | TÜİK, |
| Date of production, publication, distribution, manufacture, or copyright notice | 2013 |
| 300 ## - PHYSICAL DESCRIPTION | |
| Extent | XL, 163 s. : |
| Other physical details | tbl., grf. ; |
| Dimensions | 27 cm. |
| 336 ## - CONTENT TYPE | |
| Content type term | text |
| Source | rdacontent |
| 337 ## - MEDIA TYPE | |
| Media type term | unmediated |
| Source | rdamedia |
| 338 ## - CARRIER TYPE | |
| Carrier type term | volume |
| Source | rdacarrier |
| 650 00 - SUBJECT ADDED ENTRY--TOPICAL TERM | |
| Topical term or geographic name entry element | Şirketler |
| Geographic subdivision | Türkiye |
| Form subdivision | İstatistikler |
| 9 (RLIN) | 34558 |
| Topical term or geographic name entry element | Corporations |
| Geographic subdivision | Turkey |
| Form subdivision | Statistics |
| 9 (RLIN) | 34559 |
| Topical term or geographic name entry element | Business enterprises |
| Geographic subdivision | Turkey |
| Form subdivision | Statistics |
| 9 (RLIN) | 97051 |
| Topical term or geographic name entry element | Ticari teşebbüsler |
| Geographic subdivision | Türkiye |
| Form subdivision | İstatistik |
| 9 (RLIN) | 97052 |
| 942 ## - ADDED ENTRY ELEMENTS (KOHA) | |
| Koha item type | Book |
| Withdrawn status | Lost status | Source of classification or shelving scheme | Not for loan | Collection code | Home library | Current library | Shelving location | Date acquired | Source of acquisition | Inventory number | Total Checkouts | Total Holds | Full call number | Barcode | Copy number | Date shelved | Koha item type |
|---|---|---|---|---|---|---|---|---|---|---|---|---|---|---|---|---|---|
| Library of Congress Classification | Ödünç Verilebilir / Available | Genel Koleksiyon | Merkez Kütüphane | Merkez Kütüphane | Genel Koleksiyon / Main Collection | 19/03/2014 | Bağış / Donation | İŞL | HD2891.93.A1 Y55 2010 | 0043999 | 1 | 19/03/2014 | Book |
